Charleroi - Choix Multiples - Statistiques

Statistiques générales
  • Ce quiz a été pris 185 fois
  • Le résultat moyen est 7 sur 10
Statistiques - réponses
Question Réponse % Correct
De quelle province belge Charleroi est-elle une des villes principales? Le Hainaut
86%
Quelle rivière traverse la ville? La Sambre
85%
Quel personnage de la bande-dessinée franco-belge a donné son nom à l'équipe de basketball de la ville? Spirou
81%
Quel animal de la savane est la mascotte de l'équipe de football de la ville, le Sporting de Charleroi? Le zèbre
79%
Laquelle de ces photos n'a pas été prise à Charleroi?
78%
Quelle autre ville belge entre dans le nom complet de l'aéroport de Charleroi? Bruxelles
75%
Quelle maison d'édition, spécialisée dans la bande dessinée, est installée à Marcinelle? Dupuis
73%
Quel écrivain français a habité à Charleroi et a relaté son séjour dans un poème publié en 1890? Arthur Rimbaud
52%
De quel royaume Charles II, le roi qui a donné son nom à la ville, était-il le souverain? Royaume d'Espagne
48%
Laquelle de ces photos immortalise les "vitoulets", spécialité culinaire de Charleroi?
46%
Aucun quiz correspondant
Distribution des résultats
% des personnes avec chaque résultat
Percentile par nombre de réponses
Votre historique - résultats
Vous n’avez pas pris ce quiz